[Rezension von: Walther K. Lang, Grausame Bilder]

Saved in:
Bibliographic Details
Published in:Kunstform 3(2002), 7
Main Author: Lange, Justus (Author, VerfasserIn)
Document Type: Online Resource Article
Language:German
Published: 2002
Subjects:
Online Access:kostenfrei
Related Items:Enthalten in: Kunstform
Rezension von: Grausame Bilder
Author Notes:rezensiert von Justus Lange
LEADER 01622naa a2200337 c 4500
001 1920841059
003 DE-627
005 20250331101115.0
007 cr uuu---uuuuu
008 250331s2002 xx |||||oo 00| ||ger c
035 |a (DE-627)1920841059 
035 |a (DE-599)KXP1920841059 
040 |a DE-627  |b ger  |c DE-627  |e rda 
041 |a ger 
084 |a KUNST  |q DE-16  |2 fid 
100 1 |a Lange, Justus  |d 1968-  |e VerfasserIn  |0 (DE-588)1012921654  |0 (DE-627)66277373X  |0 (DE-576)346163641  |4 aut 
245 1 0 |a [Rezension von: Walther K. Lang, Grausame Bilder]  |c rezensiert von Justus Lange 
264 1 |c 2002 
300 |b Illustrationen 
336 |a Text  |b txt  |2 rdacontent 
337 |a Computermedien  |b c  |2 rdamedia 
338 |a Online-Ressource  |b cr  |2 rdacarrier 
655 7 |a Rezension  |0 (DE-588)4049712-4  |0 (DE-627)106186019  |0 (DE-576)209083166  |2 gnd-content 
773 0 8 |i Enthalten in  |t Kunstform  |d München : Ludwig-Maximilians-Universität München, Institut für Kunstgeschichte, 2000  |g 3(2002), 7  |h Online-Ressource  |w (DE-627)382929004  |w (DE-600)2140180-9  |w (DE-576)281244731  |x 1618-7199  |7 nnas 
773 1 8 |g volume:3  |g year:2002  |g number:7 
787 0 8 |i Rezension von  |a Lang, Walther K., 1963 -   |t Grausame Bilder  |d Berlin : Reimer, 2001  |h 380 S.  |w (DE-627)332839532  |w (DE-576)091827620  |z 3496012404 
856 4 0 |u https://www.arthistoricum.net/kunstform/rezension/ausgabe/2002/7/3187  |x Verlag  |z kostenfrei  |3 Volltext  |7 0 
951 |a AR 
994 |u https://www.arthistoricum.net/themen/rezensionen/kunstform/rezension/ausgabe/2002/7/3187 
991 |a Rezension (Monographie, Zeitschrift, Aufsatz) 
999 |a KXP-PPN1920841059  |e 4948594008